01099ngm a2200265 a 450000500170000000800410001708200190005824500770007725000190015430000620017349000440023550000910027960000810037065000530045165000480050465000460055270000350059894200200063326400420065333600270069533700330072233800280075504000350078399900150081820220317001302.0160825s1997 ck g 000 0 spa 04a791.4361bM14d10aDeborarte Siglo XXcdirección Sylvia Amaya Londoñohvideograbación a1a. edición  a1 videocasete en VHS (58 minutos)bsonido, color c20 cm  aLa maleta : documentales Colombianos, 1 aLa película pertenece a la colección La Maleta. Dirigida para un público adulto14aArango, Deborad1910-2005vVideocasetesxCrítica e interpretación968724142LEMBaCine documental colombiano vVideocasetes 142LEMB aArte modernovVideocaseteszColombia142LEMB aPintores colombianosvVideocasetes1 aAmaya Londoño, Sylvia968727 2ddccVIDEOCASET aBogotábMinisterio de Culturac1997 atextobtxt2rdacontent asin mediaciónbn2rdamedia avolumenbnc2rdacarrier aCO-BoRNBPbspaerdacCO-BoRNBP c6491d6491